[Event "GAMMA Reykjavik Open 2019"]
[Site "Reykjavik ISL"]
[Date "2019.04.13"]
[Round "6.18"]
[White "Chittka, Julius"]
[Black "Hjartarson, Johann"]
[Result "1/2-1/2"]
[BlackTitle "GM"]
[WhiteElo "2268"]
[BlackElo "2520"]
[WhiteFideId "12954772"]
[BlackFideId "2300044"]
[EventDate "2019.04.08"]

1. d4 Nf6 2. c4 e6 3. Nc3 Bb4 4. e3 O-O 5. Bd3 d5 6. Nf3 c5 7. O-O Nc6 8. cxd5
exd5 9. dxc5 Bxc5 10. h3 Qe7 11. b3 Rd8 12. Bb2 Ne4 13. Rc1 Bb6 14. Ne2 h6 15.
Ned4 Bd7 16. Qe2 Rac8 17. Rfd1 Bc7 18. Bb1 Bb8 19. Qd3 Ne5 20. Qe2 a6 21. Nxe5
Bxe5 22. Qf3 Rxc1 23. Rxc1 b5 24. Bd3 b4 25. Qh5 Qd6 26. f4 Bf6 27. Bxe4 dxe4
28. Qc5 Qxc5 29. Rxc5 Bb5 30. Kf2 g6 31. g3 Bg7 32. Ke1 h5 33. Rc7 h4 34. gxh4
Bf6 35. h5 gxh5 36. Rc5 h4 37. Nc6 Rd6 38. Bxf6 Rxf6 39. Nd4 Bd7 40. Rh5 Bxh3
41. Rxh4 Bc8 42. Rh5 Rd6 43. Rc5 Bd7 44. Kf2 Kf8 45. f5 Rh6 46. Kg3 Ke7 47. Kf4
Rh4+ 48. Ke5 f6+ 49. Kd5 Rh2 50. Ra5 Bc8 51. Kxe4 Bb7+ 52. Kd3 Kd6 53. a3 bxa3
54. Rxa3 Rh1 55. Ra4 Rd1+ 56. Ke2 Rb1 57. Rb4 Bd5 58. Rb6+ Ke5 59. Rxa6 Bxb3 60.
Kd3 Bd5 61. Ra5 Rd1+ 62. Ke2 Rh1 63. Nf3+ Kd6 64. Ra6+ Ke7 65. Nd2 Rh5 66. Ra7+
Kd8 67. e4 Bxe4 68. Nxe4 Rxf5 69. Ke3 Rf1 70. Kd4 Rd1+ 71. Kc5 f5 72. Nd6 f4 73.
Rf7 Rc1+ 74. Kd5 Rd1+ 75. Ke5 Re1+ 76. Ne4 f3 77. Rxf3 Ke7 78. Ra3 Kd7 79. Ra6
Kc7 80. Rg6 Rh1 81. Rg7+ Kc6 82. Rg6+ Kc7 83. Nc3 Kd7 84. Rg5 Kc6 85. Ne4 Re1
86. Rg6+ 1/2-1/2

[Event "GAMMA Reykjavik Open 2019"]
[Site "Reykjavik ISL"]
[Date "2019.04.13"]
[Round "6.22"]
[White "Gretarsson, Hjorvar Steinn"]
[Black "Piasetski, Leon"]
[Result "1-0"]
[WhiteTitle "GM"]
[BlackTitle "IM"]
[WhiteElo "2571"]
[BlackElo "2222"]
[WhiteFideId "2302241"]
[BlackFideId "2600072"]
[EventDate "2019.04.08"]

1. e4 c5 2. Nf3 Nc6 3. d4 cxd4 4. Nxd4 Qb6 5. Nb3 Nf6 6. Nc3 e6 7. Be3 Qc7 8. a3
a6 9. f4 d6 10. g4 b5 11. g5 Nd7 12. h4 Bb7 13. Bg2 Nb6 14. Qe2 Nc4 15. Bc1 Qb6
16. Nd1 Rc8 17. c3 N6a5 18. Nxa5 Nxa5 19. Be3 Qc7 20. Nf2 Nc4 21. Bd4 e5 22. Be3
Nxe3 23. Qxe3 exf4 24. Qxf4 Be7 25. Ng4 Qc4 26. Ne3 Qb3 27. Nf5 Qxb2 28. O-O Qb3
29. Rad1 Rd8 30. Nxg7+ Kf8 31. Rd5 1-0

[Event "GAMMA Reykjavik Open 2019"]
[Site "Reykjavik ISL"]
[Date "2019.04.13"]
[Round "6.24"]
[White "Kanarek, Marcel"]
[Black "Botez, Alexandra"]
[Result "1-0"]
[WhiteTitle "GM"]
[BlackTitle "WFM"]
[WhiteElo "2505"]
[BlackElo "2033"]
[WhiteFideId "1126822"]
[BlackFideId "2603365"]
[EventDate "2019.04.08"]

1. d4 Nf6 2. Bf4 g6 3. Nc3 Bg7 4. e4 d6 5. Qd2 c6 6. Nf3 Qa5 7. Bd3 Bg4 8. e5
Nd5 9. Nxd5 Qxd2+ 10. Nxd2 cxd5 11. exd6 Bxd4 12. dxe7 Nc6 13. h3 Be6 14. c3 Bc5
15. O-O Bxe7 16. Nf3 O-O 17. Rfe1 Bf6 18. Bb5 a6 19. Ba4 b5 20. Bb3 Rad8 21. Bg5
Bxg5 22. Nxg5 Rfe8 23. Rad1 h6 24. Nf3 Re7 25. Nd4 Na5 26. Bc2 Rde8 27. a4 Bd7
28. Rxe7 Rxe7 29. axb5 axb5 30. Ra1 Nc4 31. b3 Nd6 32. Kf1 Kg7 33. Ra7 Kf8 34.
Rc7 b4 35. cxb4 Nb5 36. Rxd7 Nxd4 37. Rxe7 Kxe7 38. Bd1 Kd6 39. Ke1 Nc6 40. b5
Nd4 41. b6 Kc5 42. b7 Nc6 43. Kd2 Kd4 44. b4 Nb8 45. Ba4 f6 46. Bb5 f5 47. h4 g5
48. h5 g4 49. Bd3 f4 50. Be2 g3 51. fxg3 fxg3 52. Bb5 Ke4 53. Ke2 d4 54. Kd2 Kf4
55. Kd3 Ke5 56. Be8 Kd5 57. b5 Ke5 58. Bc6 Kf4 59. Kxd4 Kg5 60. Ke5 1-0

[Event "GAMMA Reykjavik Open 2019"]
[Site "Reykjavik ISL"]
[Date "2019.04.13"]
[Round "6.25"]
[White "Birkisson, Bjorn Holm"]
[Black "Hambleton, Aman"]
[Result "0-1"]
[BlackTitle "GM"]
[WhiteElo "2094"]
[BlackElo "2484"]
[WhiteFideId "2310600"]
[BlackFideId "2606577"]
[EventDate "2019.04.08"]

1. Nf3 Nf6 2. c4 c5 3. Nc3 b6 4. e3 Bb7 5. d4 cxd4 6. exd4 e6 7. Bd3 d6 8. O-O
Be7 9. Qe2 O-O 10. b3 Re8 11. Bb2 Nbd7 12. Nd2 Rc8 13. f4 Bf8 14. Nce4 g6 15. a4
Nxe4 16. Bxe4 d5 17. Bd3 Bg7 18. Nf3 dxc4 19. bxc4 Bxf3 20. Qxf3 Nc5 21. Qe3 Nb3
22. Rad1 Bxd4 23. Bxd4 Qxd4 24. Qxd4 Nxd4 25. Rfe1 Red8 26. Bf1 Nb3 27. Be2 Na5
28. g4 Kf8 29. Kf2 Rxd1 30. Rxd1 Ke7 31. Rd4 Nb3 32. Rd1 Rc5 33. Rb1 Nd4 34. Bf1
Ra5 35. Ke3 e5 36. fxe5 Ne6 37. Ra1 Nc5 38. Kf4 Rxa4 39. Rd1 h6 40. Rd5 Ra2 41.
Kg3 a5 42. h4 a4 0-1

[Event "GAMMA Reykjavik Open 2019"]
[Site "Reykjavik ISL"]
[Date "2019.04.13"]
[Round "6.27"]
[White "Kevlishvili, Robby"]
[Black "Esbensen, Kai Inge"]
[Result "1-0"]
[WhiteTitle "IM"]
[WhiteElo "2451"]
[BlackElo "1985"]
[WhiteFideId "1040634"]
[BlackFideId "1507486"]
[EventDate "2019.04.08"]

1. e4 e5 2. Nf3 Nc6 3. Bb5 a6 4. Ba4 Nf6 5. O-O Be7 6. Re1 b5 7. Bb3 d6 8. c3
O-O 9. h3 Nb8 10. d4 Nbd7 11. c4 Bb7 12. Nc3 c6 13. a3 Re8 14. Ba2 h6 15. dxe5
dxe5 16. b4 Qc7 17. Qb3 Rf8 18. c5 Nh7 19. Ne2 Ng5 20. Ng3 g6 21. h4 Nxf3+ 22.
Qxf3 Kg7 23. h5 Nf6 24. Bb2 Rae8 25. hxg6 fxg6 26. Qc3 Nd7 27. Nf1 Bh4 28. g3
Bf6 29. Rad1 Bc8 30. Ne3 h5 31. Rd6 Be7 32. Rd3 Bf6 33. Red1 Kh7 34. Qd2 Nb8 35.
Rd6 Bg7 36. Kg2 Bh6 37. Qe2 Qe7 38. Nf5 Bxf5 39. exf5 Rxf5 40. Re6 Qf8 41. Rxe8
Qxe8 42. Bb1 Rg5 43. f4 1-0

[Event "GAMMA Reykjavik Open 2019"]
[Site "Reykjavik ISL"]
[Date "2019.04.13"]
[Round "6.28"]
[White "Thorsteinsdottir, Gudlaug"]
[Black "Kjartansson, Gudmundur"]
[Result "0-1"]
[WhiteTitle "WFM"]
[BlackTitle "IM"]
[WhiteElo "1984"]
[BlackElo "2444"]
[WhiteFideId "2300753"]
[BlackFideId "2301318"]
[EventDate "2019.04.08"]

1. d4 Nf6 2. c4 e6 3. Nf3 b6 4. a3 Bb7 5. e3 g6 6. Nc3 Bg7 7. Be2 O-O 8. O-O c5
9. d5 exd5 10. cxd5 Re8 11. Re1 d6 12. Bc4 a6 13. a4 Ne4 14. Nxe4 Rxe4 15. Nd2
Re7 16. Ra3 Nd7 17. e4 Qc7 18. Nf3 Rae8 19. Rae3 Ne5 20. Nxe5 Bxe5 21. R3e2 Bd4
22. Qd3 Qc8 23. Bf4 Rd8 24. Qg3 Qd7 25. Qb3 Qc7 26. Qd3 Ra8 27. h3 Ree8 28. Qg3
Qd7 29. Bxd6 Qxa4 30. b3 Qb4 31. Rd1 Bg7 32. Qe3 Rac8 33. Qd2 Bc3 34. Qc2 b5 35.
Re3 Bg7 36. Be2 Bd4 37. Bg4 Rcd8 38. Rxd4 Qxd4 39. Bxc5 Qa1+ 40. Kh2 h5 41. Bf3
Qe5+ 42. g3 f5 43. exf5 Qxf5 44. Be4 Rxe4 45. Rxe4 Bxd5 46. Re2 Qxc2 47. Rxc2
Bxb3 48. Rb2 Rd3 49. g4 a5 50. gxh5 gxh5 51. f4 Kf7 52. Re2 Be6 53. Re5 h4 54.
Bb6 a4 55. Rxb5 a3 56. Ra5 a2 57. Kg2 Rd1 0-1

[Event "GAMMA Reykjavik Open 2019"]
[Site "Reykjavik ISL"]
[Date "2019.04.14"]
[Round "7.3"]
[White "Grandelius, Nils"]
[Black "Eggleston, David J"]
[Result "1-0"]
[WhiteTitle "GM"]
[BlackTitle "IM"]
[WhiteElo "2687"]
[BlackElo "2401"]
[WhiteFideId "1710400"]
[BlackFideId "412120"]
[EventDate "2019.04.08"]

1. c4 Nf6 2. Nc3 e6 3. e4 d5 4. cxd5 exd5 5. e5 Ne4 6. Nf3 Nc6 7. Bb5 Be7 8. O-O
O-O 9. Ne2 Bg4 10. Bxc6 bxc6 11. Nfd4 Bd7 12. d3 Ng5 13. Qc2 Qe8 14. f4 Ne6 15.
Nb3 f5 16. Be3 Qb8 17. Ned4 Nxd4 18. Bxd4 a5 19. Bc5 a4 20. Bxe7 axb3 21. axb3
Re8 22. Bc5 Qb5 23. Ra4 Rab8 24. b4 Be6 25. Rfa1 Qb7 26. Ra7 Qc8 27. R1a6 Bd7
28. Qa4 Qd8 29. Qa1 Rc8 30. Rb7 d4 31. Raa7 Be6 32. Qe1 Bd5 33. Bb6 Re7 34. Qh4
Qe8 35. Bc5 Qg6 36. g3 Rf7 37. Rxc7 Rfxc7 38. Rxc7 Ra8 39. Ra7 Re8 40. Bxd4 Bf7
41. Re7 Rxe7 42. Qxe7 h6 43. Kf2 Qg4 44. Qd7 Bh5 45. Qxc6 Qe2+ 46. Kg1 Qe1+ 47.
Kg2 Qe2+ 48. Bf2 Qxd3 49. e6 Kh7 50. h3 Be2 51. e7 Bf1+ 52. Kg1 Bxh3 53. e8=Q
Qf1+ 54. Kh2 Qxf2+ 55. Kxh3 Qf1+ 56. Qg2 1-0

[Event "GAMMA Reykjavik Open 2019"]
[Site "Reykjavik ISL"]
[Date "2019.04.14"]
[Round "7.4"]
[White "Tang, Andrew"]
[Black "L'Ami, Erwin"]
[Result "0-1"]
[WhiteTitle "GM"]
[BlackTitle "GM"]
[WhiteElo "2501"]
[BlackElo "2647"]
[WhiteFideId "2059630"]
[BlackFideId "1007998"]
[EventDate "2019.04.08"]

1. d4 Nf6 2. c4 e6 3. Nc3 Bb4 4. Qc2 O-O 5. Nf3 d5 6. Bg5 h6 7. Bxf6 Qxf6 8. a3
Bxc3+ 9. Qxc3 c6 10. h4 Nd7 11. g4 Qf4 12. g5 h5 13. Rh3 g6 14. e3 Qd6 15. Rc1
a5 16. Ne5 Nxe5 17. dxe5 Qc5 18. Rf3 Rd8 19. Rf4 Bd7 20. Bd3 Be8 21. Qd4 Qxd4
22. exd4 dxc4 23. Rxc4 b6 24. Ke2 Rac8 25. Rc3 c5 26. dxc5 bxc5 27. Ke3 Rd5 28.
Re4 Rcd8 29. Ke2 Rxd3 30. Rxd3 Bb5 31. Re3 Rd4 32. Kd2 Bxd3 33. Rxd3 Rxh4 34.
Rd8+ Kg7 35. Ra8 a4 36. Ra5 Rg4 37. Rxc5 h4 38. Ke2 Rxg5 39. Rc4 h3 0-1

[Event "GAMMA Reykjavik Open 2019"]
[Site "Reykjavik ISL"]
[Date "2019.04.14"]
[Round "7.5"]
[White "Movsesian, Sergei"]
[Black "Sadzikowski, Daniel"]
[Result "1/2-1/2"]
[WhiteTitle "GM"]
[BlackTitle "GM"]
[WhiteElo "2637"]
[BlackElo "2523"]
[WhiteFideId "310204"]
[BlackFideId "1132253"]
[EventDate "2019.04.08"]

1. e4 c6 2. d4 d5 3. e5 c5 4. dxc5 e6 5. Nf3 Bxc5 6. Bd3 Ne7 7. a3 Ng6 8. b4 Be7
9. O-O a5 10. b5 Nd7 11. Re1 a4 12. c4 dxc4 13. Bxc4 O-O 14. Bb2 b6 15. Nbd2 Bb7
16. Bf1 Qb8 17. Nc4 Rd8 18. Qe2 Bd5 19. Nfd2 Nc5 20. g3 Ra7 21. h4 Nd3 22. h5
Nxe1 23. hxg6 Bxc4 24. gxf7+ Kh8 25. Nxc4 Nd3 26. Qe4 Nxb2 27. Nxb2 Qb7 28. Qxb7
Rxb7 29. Bh3 Bf8 30. Bxe6 Re7 31. Bc4 Rxe5 32. Nxa4 Rd6 33. Bf1 g6 34. Rc1 Kg7
35. Rc6 Re1 36. Kg2 Ree6 37. Rc2 Rf6 38. Bc4 Rd4 39. Nb2 Bxa3 40. Nd3 Bd6 41.
Ne1 Rf5 42. Nf3 Rd1 43. Be2 Rdd5 44. Rc6 Bc5 45. Bc4 Rd8 46. Rc7 h5 47. Ra7 Kh6
48. Ra2 g5 49. Re2 g4 50. Ne5 Rf6 51. Nd3 Rxd3 1/2-1/2

[Event "GAMMA Reykjavik Open 2019"]
[Site "Reykjavik ISL"]
[Date "2019.04.14"]
[Round "7.6"]
[White "Parligras, Mircea-Emilian"]
[Black "Stefansson, Hannes"]
[Result "1-0"]
[WhiteTitle "GM"]
[BlackTitle "GM"]
[WhiteElo "2633"]
[BlackElo "2558"]
[WhiteFideId "1204297"]
[BlackFideId "2300087"]
[EventDate "2019.04.08"]

1. Nf3 d5 2. e3 Nf6 3. c4 e6 4. b3 Bd6 5. Bb2 O-O 6. d4 b6 7. cxd5 exd5 8. Nc3
Bb7 9. g3 Nbd7 10. Bg2 Ba6 11. a3 c5 12. b4 Bc4 13. Nd2 cxb4 14. axb4 Qc7 15.
Rc1 Bxb4 16. Nxd5 Nxd5 17. Bxd5 b5 18. Bxa8 Rxa8 19. f3 a5 20. Kf2 Nb6 21. d5 f5
22. Bd4 Bc5 23. Nxc4 Nxc4 24. Qd3 Bxd4 25. Qxd4 a4 26. d6 1-0

[Event "GAMMA Reykjavik Open 2019"]
[Site "Reykjavik ISL"]
[Date "2019.04.14"]
[Round "7.7"]
[White "Petrosian, Tigran L."]
[Black "Ragnarsson, Dagur"]
[Result "1-0"]
[WhiteTitle "GM"]
[BlackTitle "FM"]
[WhiteElo "2605"]
[BlackElo "2380"]
[WhiteFideId "13301616"]
[BlackFideId "2304058"]
[EventDate "2019.04.08"]

1. g3 d5 2. Bg2 g6 3. c4 dxc4 4. Na3 Bg7 5. Nxc4 e5 6. d3 Nc6 7. Bxc6+ bxc6 8.
e4 Ne7 9. Nf3 f6 10. Qe2 Bh3 11. Nfd2 c5 12. Na5 Qd6 13. Ndc4 Qe6 14. Be3 O-O
15. f3 f5 16. O-O-O Rf7 17. Kb1 Raf8 18. Rc1 fxe4 19. fxe4 Bg4 20. Qc2 Rd8 21.
Nb7 Rb8 22. Nxc5 Qc8 23. h3 Bf3 24. Rh2 Nc6 25. Nd2 Nb4 26. Qc4 1-0

[Event "GAMMA Reykjavik Open 2019"]
[Site "Reykjavik ISL"]
[Date "2019.04.14"]
[Round "7.8"]
[White "Praggnanandhaa, R"]
[Black "Gupta, Abhijeet"]
[Result "0-1"]
[WhiteTitle "GM"]
[BlackTitle "GM"]
[WhiteElo "2537"]
[BlackElo "2602"]
[WhiteFideId "25059530"]
[BlackFideId "5010608"]
[EventDate "2019.04.08"]

1. e4 c5 2. Nf3 d6 3. d4 cxd4 4. Nxd4 Nf6 5. Nc3 Nc6 6. Bg5 e6 7. Qd2 a6 8.
O-O-O Bd7 9. f3 Be7 10. h4 Nxd4 11. Qxd4 Qc7 12. Kb1 b5 13. Be3 h5 14. Qd2 b4
15. Ne2 a5 16. Nd4 Rb8 17. Bd3 a4 18. Bg5 e5 19. Nf5 Bxf5 20. Bxf6 Bxf6 21. exf5
d5 22. Be2 O-O 23. g4 hxg4 24. fxg4 e4 25. g5 Be5 26. Qxd5 Rfc8 27. Bc4 Qxc4 28.
Qxe5 Rb5 29. Qh2 b3 30. cxb3 axb3 31. a3 Rbc5 32. Rde1 Qd3+ 33. Ka1 Rc2 34. Qe5
Ra8 35. Rh2 Qe3 36. Rb1 Rxh2 37. Qxh2 Qd4 0-1

[Event "GAMMA Reykjavik Open 2019"]
[Site "Reykjavik ISL"]
[Date "2019.04.14"]
[Round "7.9"]
[White "Van Foreest, Jorden"]
[Black "Korley, Kassa"]
[Result "0-1"]
[WhiteTitle "GM"]
[BlackTitle "IM"]
[WhiteElo "2598"]
[BlackElo "2440"]
[WhiteFideId "1039784"]
[BlackFideId "2033801"]
[EventDate "2019.04.08"]

1. e4 e5 2. Nf3 Nc6 3. Bc4 Bc5 4. c3 Nf6 5. d4 exd4 6. e5 d5 7. Bb5 Ne4 8. cxd4
Bb6 9. Nc3 O-O 10. Be3 Bf5 11. O-O Nxc3 12. bxc3 Ne7 13. Nh4 c6 14. Nxf5 Nxf5
15. Bd3 Nxe3 16. fxe3 Qg5 17. Qe2 g6 18. Rf4 c5 19. Raf1 Qe7 20. Qf3 Rad8 21.
Qh3 cxd4 22. cxd4 Kg7 23. Rf6 Rc8 24. Qg3 Rc3 25. Qg5 Bd8 26. Bb1 Qe6 27. R1f3
Rc1+ 28. Kf2 Rxb1 29. Rh3 Qf5+ 30. Rxf5 Bxg5 31. Rxg5 Rb2+ 32. Kf3 Rxa2 33. e4
f6 34. exf6+ Rxf6+ 35. Ke3 Ra3+ 36. Ke2 Rxh3 37. gxh3 dxe4 38. Ke3 Rf5 39. Rg1
Rb5 40. Rf1 Rf5 41. Rb1 b6 42. Kxe4 Kf6 43. Rc1 Ke6 44. Rc7 Rh5 45. Rxa7 Rh4+
46. Kd3 Kd5 47. Rd7+ Kc6 48. Re7 Rxh3+ 49. Ke4 Kd6 50. Rb7 Rh4+ 51. Kd3 Kc6 52.
Rf7 b5 53. Rf8 Rxh2 54. Rc8+ Kd7 55. Rb8 Rh5 56. Rb6 Kc7 57. Ra6 Rh3+ 58. Ke4 b4
59. d5 b3 60. Rc6+ Kb7 61. Rc5 Rh4+ 62. Ke5 Rb4 63. d6 b2 0-1

[Event "GAMMA Reykjavik Open 2019"]
[Site "Reykjavik ISL"]
[Date "2019.04.14"]
[Round "7.13"]
[White "Tari, Aryan"]
[Black "Stefansson, Vignir Vatnar"]
[Result "1-0"]
[WhiteTitle "GM"]
[BlackTitle "FM"]
[WhiteElo "2615"]
[BlackElo "2293"]
[WhiteFideId "1510045"]
[BlackFideId "2308649"]
[EventDate "2019.04.08"]

1. e4 e6 2. d4 d5 3. Nc3 Bb4 4. e5 c5 5. a3 Bxc3+ 6. bxc3 Qa5 7. Bd2 Qa4 8. Qg4
Kf8 9. h4 b6 10. h5 h6 11. Rh3 Ne7 12. Bd3 c4 13. Rg3 Ke8 14. Qxg7 Rg8 15. Qxg8+
Nxg8 16. Rxg8+ Kd7 17. Bh7 Qa5 18. Rf8 Kc7 19. Ne2 Nc6 20. Rxf7+ Bd7 21. Kd1 Rh8
22. Bxh6 Kc8 23. Rf8+ Rxf8 24. Bxf8 1-0

[Event "GAMMA Reykjavik Open 2019"]
[Site "Reykjavik ISL"]
[Date "2019.04.14"]
[Round "7.14"]
[White "Ortega Ruiz, Jose Miguel"]
[Black "Gretarsson, Hjorvar Steinn"]
[Result "0-1"]
[WhiteTitle "FM"]
[BlackTitle "GM"]
[WhiteElo "2281"]
[BlackElo "2571"]
[WhiteFideId "2209713"]
[BlackFideId "2302241"]
[EventDate "2019.04.08"]

1. d4 Nf6 2. c4 g6 3. Nc3 d5 4. Bf4 Bg7 5. e3 O-O 6. Rc1 Be6 7. Nf3 dxc4 8. Ng5
Bd5 9. e4 h6 10. exd5 hxg5 11. Bxg5 Nxd5 12. Bxc4 Nb6 13. Bb3 Nc6 14. d5 Nd4 15.
O-O Qd7 16. Re1 Rfe8 17. Na4 Nxd5 18. Bxd5 Qxd5 19. Bxe7 c6 20. Nc3 Qd7 21. Bh4
Rxe1+ 22. Qxe1 Re8 23. Qf1 Qg4 24. Bg3 Ne2+ 25. Nxe2 Qxe2 26. b4 Qxa2 27. b5
cxb5 28. Qxb5 Qe2 29. Qb4 Bh6 0-1

[Event "GAMMA Reykjavik Open 2019"]
[Site "Reykjavik ISL"]
[Date "2019.04.14"]
[Round "7.17"]
[White "Hjartarson, Johann"]
[Black "Abbas, Daniel"]
[Result "1-0"]
[WhiteTitle "GM"]
[BlackTitle "FM"]
[WhiteElo "2520"]
[BlackElo "2253"]
[WhiteFideId "2300044"]
[BlackFideId "423831"]
[EventDate "2019.04.08"]

1. e4 c5 2. Nf3 e6 3. d4 cxd4 4. Nxd4 a6 5. Bd3 Nf6 6. O-O Qc7 7. Qe2 d6 8. c4
g6 9. Nc3 Bg7 10. Nf3 O-O 11. Rd1 Nh5 12. Be3 Bxc3 13. bxc3 e5 14. Qd2 Nd7 15.
Bc2 Qxc4 16. Qxd6 Qxc3 17. Bb3 Qc6 18. Bh6 Ng7 19. Rac1 Qxd6 20. Rxd6 b6 21. Rc7
Kh8 22. Ng5 Kg8 23. Rdxd7 Bxd7 24. Rxd7 Rac8 25. Nxf7 1-0

[Event "GAMMA Reykjavik Open 2019"]
[Site "Reykjavik ISL"]
[Date "2019.04.14"]
[Round "7.19"]
[White "Salomon, Johan"]
[Black "Chittka, Julius"]
[Result "1-0"]
[WhiteTitle "GM"]
[WhiteElo "2495"]
[BlackElo "2268"]
[WhiteFideId "1509500"]
[BlackFideId "12954772"]
[EventDate "2019.04.08"]

1. e4 c5 2. Nf3 Nc6 3. Bb5 g6 4. Bxc6 bxc6 5. d4 Bg7 6. dxc5 Qa5+ 7. Nbd2 Ba6 8.
Rb1 Qxc5 9. b4 Qb6 10. c4 Nf6 11. O-O O-O 12. Bb2 Rab8 13. Bd4 Qc7 14. Re1 Ng4
15. Bxg7 Kxg7 16. h3 Ne5 17. Nxe5 Qxe5 18. Nf3 Qc7 19. Qd4+ Kg8 20. c5 Bb5 21.
e5 a5 22. Qh4 Rbe8 23. Ng5 h5 24. a3 axb4 25. axb4 Kg7 26. Rbd1 Ba4 27. Rd3 Bc2
28. Rde3 Bf5 29. g4 Be6 30. Nxe6+ dxe6 31. gxh5 Rh8 32. Rg3 Rh6 33. Qg4 Reh8 34.
hxg6 Rxg6 35. Qf3 Rh6 36. Re4 Rxg3+ 37. Qxg3+ Rg6 38. Rg4 Qa7 39. Kg2 Qa4 40.
Qh4 Qa7 41. Rg3 Qb7 42. Qd4 Qa6 43. Qe4 Qa4 44. h4 Qb5 45. h5 Rxg3+ 46. Kxg3 Qa4
47. Qg4+ Kh7 48. Qf4 Kg7 49. Qg4+ Kh7 50. Qf3 Kg7 51. Qe4 Qb3+ 52. Kh4 Qb2 53.
Qg4+ Kh7 54. Qf4 Kh8 55. h6 Qb1 56. Kh3 Qh1+ 57. Kg3 Qg1+ 58. Kf3 Qg6 59. Ke2
Qc2+ 60. Kf1 Qb1+ 61. Kg2 Qg6+ 62. Qg3 Qxh6 63. Qh3 1-0

[Event "GAMMA Reykjavik Open 2019"]
[Site "Reykjavik ISL"]
[Date "2019.04.14"]
[Round "7.20"]
[White "Hambleton, Aman"]
[Black "Salles, Louis"]
[Result "0-1"]
[WhiteTitle "GM"]
[BlackTitle "CM"]
[WhiteElo "2484"]
[BlackElo "2221"]
[WhiteFideId "2606577"]
[BlackFideId "20641826"]
[EventDate "2019.04.08"]

1. d4 Nf6 2. Bf4 c5 3. e3 Qb6 4. Nc3 Qxb2 5. Nb5 Nd5 6. c4 Nxf4 7. Rb1 Qxa2 8.
Nc7+ Kd8 9. Nxa8 Ng6 10. Nf3 Qa5+ 11. Qd2 Qxd2+ 12. Kxd2 f6 13. h4 e6 14. Bd3
Na6 15. Be4 b6 16. h5 Ne7 17. Ra1 Nc6 18. Bxc6 dxc6 19. Rhb1 cxd4 20. Nxd4 Kd7
21. Nxb6+ axb6 22. Rxb6 Bc5 23. Rbxa6 Bxa6 24. Rxa6 Bxd4 25. exd4 Rc8 26. g4 Rc7
27. f4 e5 28. dxe5 fxe5 29. f5 h6 30. Ke3 Ke7 31. Ra5 Kf6 32. Rc5 Kg5 33. Kf3
e4+ 34. Kg3 Rd7 35. f6+ Kxf6 36. Kf4 Rd6 37. Kxe4 Re6+ 38. Kd4 Rd6+ 39. Kc3 g6
40. Kb4 gxh5 41. gxh5 Ke7 42. Ka5 Rf6 43. Kb6 Kd7 44. Ra5 Kd6 45. Ra1 Rf5 46.
Rd1+ Ke6 47. Kxc6 Rxh5 48. Rd6+ Ke7 49. c5 Rh1 50. Kc7 h5 51. Rh6 h4 52. c6 h3
53. Kb8 h2 54. c7 Rb1+ 55. Kc8 h1=Q 56. Rxh1 Rxh1 57. Kb7 Rb1+ 58. Kc8 Rc1 0-1

[Event "GAMMA Reykjavik Open 2019"]
[Site "Reykjavik ISL"]
[Date "2019.04.14"]
[Round "7.22"]
[White "Siddharth, Jagadeesh"]
[Black "Kevlishvili, Robby"]
[Result "0-1"]
[BlackTitle "IM"]
[WhiteElo "2132"]
[BlackElo "2451"]
[WhiteFideId "5818320"]
[BlackFideId "1040634"]
[EventDate "2019.04.08"]

1. e4 c5 2. Nf3 d6 3. c3 Nf6 4. g3 Bd7 5. d3 Nc6 6. Bg2 g6 7. O-O Bg7 8. Re1 Bg4
9. h3 Bxf3 10. Qxf3 O-O 11. Be3 Nd7 12. Qd1 Rb8 13. a4 a6 14. Nd2 Qc7 15. Nf3 b5
16. axb5 axb5 17. d4 b4 18. Qe2 bxc3 19. bxc3 Rb3 20. Qc4 Rfb8 21. Nd2 Rxc3 22.
Qxc3 cxd4 23. Qa3 dxe3 24. Qxe3 Bxa1 25. Rxa1 Qb6 26. Qe1 Qd4 27. Rc1 Nce5 28.
Qe2 Rb2 29. Nf3 Nxf3+ 30. Qxf3 Ne5 31. Qe3 Qxe3 32. fxe3 Rb3 33. Rc7 Kf8 34. Kf2
Nd3+ 35. Ke2 Rb2+ 36. Kf1 Ne1 37. Bh1 Rh2 38. Kg1 Rc2 39. Rxc2 Nxc2 40. Kf2 Kg7
41. Ke2 Nb4 42. Bg2 Kf6 43. Kf3 Ke5 44. Bf1 Nc6 45. Bb5 Nd8 46. Bc4 Ne6 47. h4
h5 48. Bd5 g5 49. Bc6 g4+ 50. Kg2 Nc5 51. Be8 Kf6 52. Bc6 e6 53. Kh2 Nb3 54. Kg1
Nd2 55. Kg2 Nb1 56. Kg1 Nc3 57. Kf1 Ke5 58. Be8 Nxe4 59. Bxf7 Nxg3+ 60. Kg2 Nf5
61. Bxh5 Nxe3+ 62. Kg3 Kf5 63. Be8 Nf1+ 64. Kg2 Nd2 65. h5 Kg5 66. Bd7 e5 67.
Bxg4 Kxg4 0-1

[Event "GAMMA Reykjavik Open 2019"]
[Site "Reykjavik ISL"]
[Date "2019.04.14"]
[Round "7.23"]
[White "Kjartansson, Gudmundur"]
[Black "Bjornsson, Tomas"]
[Result "1-0"]
[WhiteTitle "IM"]
[BlackTitle "FM"]
[WhiteElo "2444"]
[BlackElo "2156"]
[WhiteFideId "2301318"]
[BlackFideId "2300303"]
[EventDate "2019.04.08"]

1. d4 d5 2. Nf3 Nf6 3. c4 e6 4. Nc3 c6 5. e3 Nbd7 6. Qc2 Bd6 7. Bd3 O-O 8. O-O
dxc4 9. Bxc4 e5 10. h3 exd4 11. exd4 Nb6 12. Bb3 Nbd5 13. Bg5 h6 14. Bxf6 Nxf6
15. Ne5 Bc7 16. Rad1 Qd6 17. Rfe1 Be6 18. Bxe6 Qxe6 19. d5 cxd5 20. Ng4 Qc6 21.
Nxf6+ gxf6 22. Qf5 Rfe8 23. Nxd5 Rxe1+ 24. Rxe1 Kg7 25. Qg4+ Kh7 26. Qh5 Rf8 27.
g3 Bb6 28. Qf5+ Kg7 29. Re4 Rd8 30. Ne7 Qc1+ 31. Kg2 Qxb2 32. Qg4+ Kh7 33. Re2
Qd4 34. Qh5 Qc4 35. Nf5 Qd5+ 36. Kh2 1-0

[Event "GAMMA Reykjavik Open 2019"]
[Site "Reykjavik ISL"]
[Date "2019.04.14"]
[Round "7.27"]
[White "Kristjansson, Atli Freyr"]
[Black "Christiansen, Johan-Sebastian"]
[Result "0-1"]
[BlackTitle "GM"]
[WhiteElo "2198"]
[BlackElo "2571"]
[WhiteFideId "2302268"]
[BlackFideId "1512668"]
[EventDate "2019.04.08"]

1. Nf3 c5 2. c4 Nc6 3. Nc3 e5 4. g3 g6 5. Bg2 Bg7 6. O-O Nge7 7. d3 O-O 8. Bg5
f6 9. Bd2 d6 10. Ne1 Rb8 11. Nc2 f5 12. Ne3 f4 13. Ned5 Nxd5 14. Nxd5 Nd4 15.
gxf4 Qh4 16. e3 Nc6 17. Bc3 exf4 18. Nxf4 Bg4 19. f3 Rxf4 20. exf4 Bf5 21. Bxg7
Kxg7 22. Qd2 Qf6 23. Rfe1 h5 24. Rad1 h4 25. h3 b5 26. b3 b4 27. Re3 a5 28. Rde1
Ra8 29. Re8 Ra7 30. Qe3 a4 31. bxa4 Rxa4 32. Re2 Ra3 33. Rd2 Kf7 34. Kf2 Be6 35.
f5 Kxe8 36. fxe6 g5 37. f4 Nd4 38. f5 Nxf5 39. Qf3 Qd4+ 40. Ke1 Qa1+ 41. Kf2
Qd4+ 42. Ke1 Qg1+ 43. Qf1 Qe3+ 44. Qe2 Qg3+ 45. Kd1 Ne3+ 46. Kc1 Ke7 47. Bf3 Qe5
48. Kb1 b3 49. Rb2 bxa2+ 50. Ka1 Qd4 51. Qf2 Rb3 52. Bc6 Qxb2+ 53. Qxb2 Rxb2 54.
Kxb2 Nc2 0-1